LEADER 01319nlm 2200301Ia 450 001 996417349603316 005 20210519081047.0 100 $a19831216d1686---- uy | 101 0 $aeng 102 $aUK 135 $adrcnu 200 1 $a<> manual of controversies$eclearly demonstrating the truth of Catholick religion by texts of Holy Scripture councils of all ages, fathers of the first 500 years, common sense and reason$eand fully answering the principal objections of Protestants and all other sectaries$fby Henry Turbervil 205 $a4. ed. corretta: a cui si aggiunge l'ultimo controverso pezzo in versi degli autori, con diverse frasi fuori dai Padri$fraccolte da J.D. l'amico degli autori, tutti contrassegnati con una stella così. 210 1 $aLondon$cPrinted for Matthew Turner$d1686 215 $aTesto elettronico (PDF) ([10], 364, [5] p.) 230 $aBase dati testuale 300 $aRiproduzione dell'originale nella Harvard University Library 300 $aAltri autori di contributi: J. D. 606 0 $aApologetica$2BNCF 676 $a202 700 1$aTURBERVILLE,$bHenry$fd. 1678.$0793399 701 1$aJ. D$0793393 801 0$bcba$aIT$bcba$gREICAT 912 $a996417349603316 959 $aEB 969 $aER 996 $aManual of controversies$91779444 997 $aUNISA LEADER 01362nam a2200337 i 4500 001 991003436209707536 005 20020509122120.0 008 980219s1992 de ||| | ger 020 $a3476008320 035 $ab11161449-39ule_inst 035 $aPARLA181898$9ExL 040 $aDip.to Filosofia$bita 082 0 $a111.85 100 1 $aReibnitz, Barbara von$0540224 245 14$aEin Kommentar zu Friedrich Nietzsche, "Die Geburt der Tragödie aus dem Geiste der Musik" :$bKap. 1-12 /$cBarbara von Reibnitz 260 $aStuttgart :$bMetzler,$cc1992 300 $a414 p. ;$c24 cm. 500 $aSlight revision of the author's thesis (doctoral)--Universität Tübingen, 1989. 500 $aIncludes bibliographical references (378-400) and index. 650 4$aEstetica 650 4$aMusica$xEstetica 650 4$aNietzsche, Friedrich Wilhelm - Geburt der Tragödie 650 4$aTragedia greca 650 4$aTragico 650 4$aWagner, Richard 907 $a.b11161449$b02-04-14$c28-06-02 912 $a991003436209707536 945 $aLE005 193 NIE01. REI01. 01$g1$i2005000008610$lle005$o-$pE0.00$q-$rl$s- $t0$u0$v0$w0$x0$y.i11304959$z28-06-02 996 $aKommentar zu Friedrich Nietzsche, "Die Geburt der Tragödie aus dem Geiste der Musik"$9872578 997 $aUNISALENTO 998 $ale005$b01-01-98$cm$da $e-$fger$gde $h4$i1